| 000 | 01001cam a22002771 4500 | ||
|---|---|---|---|
| 001 | l 44000131 | ||
| 003 | DLC | ||
| 005 | 20260227111539.0 | ||
| 008 | 770615s1944 xx 000 0 eng c | ||
| 010 | _al 44000131 | ||
| 035 | _a(OCoLC)3044915 | ||
| 040 |
_aUnited States Dept of labor. Libr. _cOC _dDLC |
||
| 050 | 0 | 0 |
_aHD7091 _b.I63 |
| 082 | _a331.2544 | ||
| 110 | 2 | _aInternational Labour Office | |
| 245 | 1 | 0 |
_aSocial security: _bprinciples, and problems arising out of the war. _cFourth item on the agenda. |
| 260 |
_aMontreal, _bInternational labour office, _c1944. |
||
| 300 |
_a2 v. _c24 cm. |
||
| 500 | _aAt head of title: Report iv (1)-[2] International labour conference. Twenty-sixth session. | ||
| 500 | _aErrata slip inserted in part 2. | ||
| 505 | 0 | _aPrinciples.--Problems arising out of the war. | |
| 650 | 0 | _aSocial security. | |
| 650 | 0 | _aNational health services. | |
| 650 | 0 | _aPublic health. | |
| 711 | 2 |
_aInternational labor conference _n(26th : _d1944 : _cPhiladelphia) |
|
| 999 |
_c36462 _d36462 |
||